[Event "DOM-ch (Women)"]
[Site "Santo Domingo"]
[Date "2015.03.14"]
[Round "6"]
[White "Estevez, Vianyelis Stephanie"]
[Black "Castillo Pena, Patricia Evarista"]
[Result "0-1"]
[WhiteElo "1536"]
[BlackElo "1739"]
[PlyCount "64"]
[EventDate "2015.03.06"]
[EventType "swiss"]
[EventRounds "8"]
[EventCountry "DOM"]
[SourceTitle "CBM 165 Extra"]
[Source "ChessBase"]
[SourceDate "2015.04.21"]
[SourceVersion "1"]
[SourceVersionDate "2015.04.21"]
[SourceQuality "1"]

1. e4 e6 2. d4 d5 3. exd5 exd5 4. c4 c6 5. Nc3 Nf6 6. Nf3 Be7 7. Bd3 0-0 8. 0-0 Bg4 9. Re1 Nbd7 10. Be3 Bd6 11. c5 Bc7 12. h3 Bh5 13. Be2 h6 14. Qd2 Bg6 15. Rad1 Ba5 16. a3 Ne4 17. Qc1 Nxc3 18. bxc3 b6 19. cxb6 Qxb6 20. Ne5 Nxe5 21. dxe5 Qc7 22. f4 Rab8 23. Qd2 Rb3 24. Rc1 Rfb8 25. Bc5 Bb6 26. Bxb6 Qxb6+ 27. Kh2 Be4 28. Ra1 Qf2 29. Rg1 Rb2 30. Raf1 Qxe2 31. Qxe2 Rxe2 32. Kg3 Rbb2 0-1